Maat, joissa on eniten metallibändejä - Statistics

Yleistilastot
  • Tätä visaa on pelattu 174 kertaa
  • Keskiarvotulos 18 / 26
Vastaustilastot
Total Per 100,000 Maa % Oikein
3,896 70.05 Suomi
99%
27,420 Yhdysvallat
97%
4,631 46.07 Ruotsi
95%
31.64 Norja
93%
10,939 13.27 Saksa
93%
4,107 Venäjä
90%
4,180 Kanada
88%
5,133 Ranska
85%
5,211 Iso-Britannia
84%
3,501 Puola
79%
17.37 Tanska
79%
6,528 Italia
78%
3,666 Espanja
77%
15.80 Viro
77%
39.93 Islanti
73%
2,595 Australia
67%
6,109 Brasilia
66%
2,879 Meksiko
66%
2,409 14.06 Alankomaat
62%
13.79 Itävalta
60%
18.17 Kreikka
59%
13.87 Tsekki
57%
13.98 Slovenia
40%
14.57 Luxemburg
27%
33.85 Liechtenstein
24%
16.39 Malta
24%
Ehtoja vastaavia visoja ei löytynyt
Tulosjakauma
Jokaisen tuloksen saaneiden osuus
Persentiili vastausten määrän mukaan
Tuloshistoriasi
Et ole pelannut tätä visaa